000 01162nac a22003737a 4500
001 BR0202576
003 BR-BrBNA
005 20240105122647.0
008 230509b bl.|||m| |||| 00| 0 por d
040 _aBR-BrBNA
_bpor
_cBiblioteca Nacional de Agricultura
072 _aF08
090 _a0180 BR0202576
100 1 _aSantos, H.P. dos
100 1 _aTomm, G.O.
100 1 _aAmbrosi, I.
100 1 _aIgnaczak, J.C.
100 1 _aWobeto, C.
100 1 _aSattler, R.
110 1 _aCentro Nacional de Pesquisa de Trigo, Passo Fundo, RS (Brasil)
245 1 _aSistemas de rotação de culturas para trigo, sob plantio direto, durante dez anos, em Guarapuava, PR
260 3 _aPasso Fundo, RS (Brasil):
_c1998.
300 _a80 p.
490 _aCircular Técnica - Centro Nacional de Pesquisa de Trigo (Brazil)
_vno. 11
_xISSN 0100-8625
500 _a29 tables; 43 ref.
650 _aTRIGO
650 _aGRÃO
650 _aROTAÇÃO DE CULTURA
650 _aPLANTIO DIRETO
650 _aRENDIMENTO
650 _aFERTILIDADE DO SOLO
650 _aPARANÁ
909 _a202312
_bLúcia Elande
_c55
_dLúcia Elande
942 _2AGRIS
_n0
_cMS
999 _c292171
_d292171